Developer to designer : GUI design for the busy developer
Developer to Designer: GUI Design for the Busy Developer is a unique resource designed to help you and other experienced developers build GUIs for your programs that are simple to learn, easy to use, and painless to maintain, even though you’re not user interface experts. Inside, the focus is on the...
Сохранить в:
| Главный автор: | |
|---|---|
| Формат: | |
| Язык: | Undetermined |
| Опубликовано: |
San Francisco
SYBEX
2005
|
| Предметы: | |
| Метки: |
Добавить метку
Нет меток, Требуется 1-ая метка записи!
|
| Thư viện lưu trữ: | Trung tâm Học liệu Trường Đại học Cần Thơ |
|---|
| LEADER | 01140nam a2200253Ia 4500 | ||
|---|---|---|---|
| 001 | CTU_157567 | ||
| 008 | 210402s9999 xx 000 0 und d | ||
| 020 | |c 44.99 | ||
| 082 | |a 005.12 | ||
| 082 | |b G975 | ||
| 100 | |a Gunderloy, Mike | ||
| 245 | 0 | |a Developer to designer : | |
| 245 | 0 | |b GUI design for the busy developer | |
| 245 | 0 | |c Mike Gunderloy | |
| 260 | |a San Francisco | ||
| 260 | |b SYBEX | ||
| 260 | |c 2005 | ||
| 520 | |a Developer to Designer: GUI Design for the Busy Developer is a unique resource designed to help you and other experienced developers build GUIs for your programs that are simple to learn, easy to use, and painless to maintain, even though you’re not user interface experts. Inside, the focus is on the essentials of Windows and web GUI design: simple ideas that require modest programming effort but provide enormous payoffs in terms of user success and satisfaction. | ||
| 526 | |a Giao diện người - máy | ||
| 526 | |b CT273 | ||
| 650 | |a Graphical user interfaces (Computer systems) | ||
| 650 | |x Design | ||
| 904 | |i Giang | ||
| 980 | |a Trung tâm Học liệu Trường Đại học Cần Thơ | ||